[Event "Elberfeld - Welper"]
[Site "?"]
[Date "2024.04.28"]
[Round "9.3"]
[White "Fuellgrabe, Thomas"]
[Black "Dresen, Ulrich"]
[Result "1-0"]
[WhiteElo "2176"]
[BlackElo "2122"]
[PlyCount "105"]
[EventDate "2024.??.??"]

1. e4 e5 2. Nf3 Nc6 3. Bc4 Bc5 4. c3 Nf6 5. d4 exd4 6. e5 d5 7. Be2 Ne4 8. cxd4 Bb4+ 9. Bd2 Nxd2 10. Nbxd2 a5 11. O-O O-O 12. Rc1 Nb8 13. Bd3 c6 14. Qc2 g6 15. a3 Be7 16. h3 Kg7 17. Rfe1 Na6 18. Nf1 Nc7 19. N1h2 Ne6 20. g3 Qb6 21. Rcd1 Bd7 22. Qe2 Rae8 23. Bb1 h5 24. Kg2 Rh8 25. h4 Rhf8 26. Qd2 Qd8 27. Ng1 Kh7 28. Ne2 Rh8 29. Nf1 Bf8 30. Ne3 Bh6 31. f4 Ng7 32. Ng1 Rhf8 33. Nf3 f5 34. exf6 Rxf6 35. Ne5 Bf5 36. Nxf5 gxf5 37. Re3 Rfe6 38. Rde1 Qc7 39. Bd3 Kg8 40. Be2 R8e7 41. Qd1 Qb6 42. Rb3 Qa7 43. Rd3 Qb6 44. Rd2 Ne8 45. Bxh5 Nd6 46. Bg6 Rf6 47. Qh5 Bg7 48. Qh7+ Kf8 49. h5 Ne4 50. h6 Qd8 51. Rxe4 fxe4 52. hxg7+ Rxg7 53. Qh8+ 1-0

[Event "Elberfeld - Welper"]
[Site "?"]
[Date "2024.04.28"]
[Round "9.4"]
[White "Hintze, Helge"]
[Black "Kemna, Guido"]
[Result "1/2-1/2"]
[WhiteElo "2226"]
[BlackElo "2161"]
[PlyCount "96"]
[EventDate "2024.??.??"]

1. Nf3 d5 2. g3 Nf6 3. Bg2 Bf5 4. O-O e6 5. c4 c6 6. d3 Bc5 7. Qb3 Qb6 8. Nc3 Nbd7 9. Nh4 Bg6 10. Nxg6 hxg6 11. Na4 Qxb3 12. axb3 Be7 13. d4 O-O 14. Rd1 Nb6 15. Bd2 Nfd7 16. Rdc1 Bf6 17. e3 Rfe8 18. Rc2 a6 19. Nxb6 Nxb6 20. Ba5 Nc8 21. Rd1 Nd6 22. Bc7 Be7 23. Ra1 Rac8 24. Bb6 Ra8 25. Bf1 Bd8 26. Bxd8 Raxd8 27. c5 Nf5 28. Ra4 e5 29. dxe5 Rxe5 30. Rb4 Re7 31. Bh3 Nh6 32. Rd2 Rde8 33. Rdd4 f6 34. Ra4 Nf7 35. Bg2 Ng5 36. Rd1 f5 37. h4 Ne6 38. b4 Kf7 39. Ra3 Kf6 40. f4 Nc7 41. Kf2 Nb5 42. Rad3 Nc7 43. Bf3 Ne6 44. Ra1 Rd8 45. Kf1 Red7 46. Raa3 Nc7 47. Ra1 Ke6 48. Kf2 Nb5 1/2-1/2

[Event "Elberfeld - Welper"]
[Site "?"]
[Date "2024.04.28"]
[Round "9.5"]
[White "Linde, Wolfgang"]
[Black "Kurr, Gerd"]
[Result "0-1"]
[WhiteElo "2076"]
[BlackElo "2191"]
[PlyCount "210"]
[EventDate "2024.??.??"]

1. d4 d5 2. Nf3 c6 3. c4 e6 4. e3 Nf6 5. b3 Nbd7 6. Bd3 Be7 7. O-O O-O 8. Nc3 b6 9. Bb2 Bb7 10. Qe2 Rc8 11. Rac1 Qc7 12. Rfd1 Qb8 13. e4 dxe4 14. Nxe4 Qf4 15. Ne5 c5 16. Nxf6+ Nxf6 17. Bb1 Rfd8 18. Qe3 Qxe3 19. fxe3 Bd6 20. Nf3 cxd4 21. exd4 Bf4 22. Rc3 Ne4 23. Rcd3 Nd6 24. Bc1 Bxc1 25. Rxc1 Nb5 26. Rcd1 Na3 27. R3d2 b5 28. c5 Nxb1 29. Rxb1 Bxf3 30. gxf3 Rxc5 31. dxc5 Rxd2 32. Rc1 Kf8 33. c6 Rd8 34. Rc5 a6 35. a4 bxa4 36. b4 Rc8 37. c7 a3 38. Ra5 Rxc7 39. Rxa6 Rb7 40. Rxa3 Rxb4 41. Kg2 Ke7 42. Ra7+ Kf6 43. Kg3 g5 44. Rc7 Kg6 45. Re7 h5 46. Ra7 Rb3 47. h3 f5 48. Kg2 Rb2+ 49. Kg1 h4 50. Ra8 Kf6 51. Ra5 Rd2 52. Rb5 Rd5 53. Rb2 Ke5 54. Kf2 Rd4 55. Ke3 Ra4 56. Rb5+ Kf6 57. Kf2 Ra2+ 58. Kg1 Ra6 59. Kf2 e5 60. Rb4 Ra2+ 61. Kg1 f4 62. Rb6+ Kf5 63. Rb5 Rd2 64. Ra5 Ke6 65. Ra8 Re2 66. Ra5 Kf6 67. Ra6+ Kf5 68. Ra5 Kg6 69. Ra6+ Kf5 70. Ra5 Rd2 71. Rb5 Ke6 72. Ra5 Rd3 73. Kg2 Kf6 74. Ra6+ Kf5 75. Ra5 Rd2+ 76. Kg1 Rd6 77. Kg2 Kf6 78. Ra4 Rd2+ 79. Kg1 Rd4 80. Ra6+ Kf7 81. Ra7+ Ke6 82. Ra6+ Rd6 83. Ra5 Rc6 84. Kg2 Kd6 85. Ra8 Rc2+ 86. Kg1 Kd5 87. Rd8+ Kc4 88. Rd7 Re2 89. Rd8 e4 90. fxe4 Rxe4 91. Kf2 Rd4 92. Rg8 Rd5 93. Rg7 Kd4 94. Kf3 Rc5 95. Kg4 Ke4 96. Re7+ Re5 97. Ra7 Ke3 98. Ra8 Kf2 99. Ra2+ Re2 100. Ra3 Kg2 101. Kxg5 Re3 102. Ra1 f3 103. Kxh4 Re4+ 104. Kg5 Kxh3 105. Kf5 Rc4 0-1

[Event "Elberfeld - Welper"]
[Site "?"]
[Date "2024.04.28"]
[Round "9.6"]
[White "Noetzel, Frank"]
[Black "Schaller, Torsten"]
[Result "1/2-1/2"]
[WhiteElo "2199"]
[BlackElo "1996"]
[PlyCount "36"]
[EventDate "2024.??.??"]

1. e4 e5 2. Nf3 Nc6 3. Bc4 Nf6 4. d3 Bc5 5. c3 a6 6. Bb3 Ba7 7. h3 d6 8. Nbd2 Ne7 9. Nc4 Ng6 10. g3 O-O 11. Ne3 c6 12. Qe2 d5 13. Ng2 Re8 14. Be3 dxe4 15. dxe4 Bxe3 16. Qxe3 Be6 17. Ngh4 Bxb3 18. axb3 Nxh4 1/2-1/2

[Event "Elberfeld - Welper"]
[Site "?"]
[Date "2024.04.28"]
[Round "9.7"]
[White "Conrad, Joachim"]
[Black "Tymura, Achim"]
[Result "1/2-1/2"]
[WhiteElo "1993"]
[BlackElo "2023"]
[PlyCount "28"]
[EventDate "2024.??.??"]

1. d4 d5 2. Nf3 Nf6 3. e3 Bf5 4. c4 e6 5. Nc3 c6 6. Nh4 Bg4 7. Qb3 b6 8. h3 Bh5 9. g4 Ne4 10. Nf3 Nxc3 11. bxc3 Bg6 12. cxd5 exd5 13. Ne5 Bd6 14. Nxg6 hxg6 1/2-1/2

[Event "Elberfeld - Welper"]
[Site "?"]
[Date "2024.04.28"]
[Round "9.8"]
[White "Maenken, Merlin"]
[Black "Olf, Hans-Helmut"]
[Result "1-0"]
[WhiteElo "1995"]
[BlackElo "1950"]
[PlyCount "61"]
[EventDate "2024.??.??"]

1. d4 Nf6 2. Bg5 d5 3. e3 Nbd7 4. Nf3 c6 5. c4 Qa5+ 6. Qd2 Qxd2+ 7. Nbxd2 dxc4 8. Nxc4 h6 9. Bf4 Nd5 10. Bg3 N7b6 11. Nce5 Bf5 12. Bd3 Bxd3 13. Nxd3 e6 14. a3 Nd7 15. Nd2 Be7 16. Nc4 O-O 17. Na5 c5 18. dxc5 b6 19. cxb6 axb6 20. Nc6 Rfc8 21. Nxe7+ Nxe7 22. Kd2 Rd8 23. Ke2 Nf5 24. Rhd1 Nxg3+ 25. hxg3 Kf8 26. Rac1 Ke8 27. Rc7 Ra5 28. Nb4 Rc5 29. Nc6 Rc2+ 30. Ke1 Nb8 31. Rxd8# 1-0

[Event "Münster 2 - Brackel 2 "]
[Site "?"]
[Date "2024.04.28"]
[Round "9.1"]
[White "Korten, Lando"]
[Black "Weidemann, Jakob"]
[Result "1/2-1/2"]
[WhiteElo "2224"]
[BlackElo "2122"]
[PlyCount "63"]
[EventDate "2024.??.??"]

1. d4 Nf6 2. c4 e6 3. Nc3 Bb4 4. e3 O-O 5. Nge2 Re8 6. a3 Bf8 7. Ng3 d5 8. Be2 b6 9. O-O g6 10. e4 dxe4 11. f3 e3 12. Bxe3 Bb7 13. Nge4 Nbd7 14. Qd2 c5 15. Rad1 Nxe4 16. Nxe4 Nf6 17. Qc2 Nxe4 18. fxe4 cxd4 19. Bxd4 Qh4 20. Bf3 Rad8 21. b4 e5 22. Be3 Qe7 23. Qa4 Rxd1 24. Rxd1 Ra8 25. c5 bxc5 26. bxc5 Qc7 27. Rc1 Qc6 28. Qa5 Be7 29. Qc3 Bf6 30. Rd1 Rc8 31. Qb2 Qc7 32. Bg4 1/2-1/2

[Event "Münster 2 - Brackel 2"]
[Site "?"]
[Date "2024.04.28"]
[Round "9.2"]
[White "Quante, Lennart"]
[Black "Garbuz, Vitaliy"]
[Result "0-1"]
[WhiteElo "2113"]
[BlackElo "2164"]
[PlyCount "60"]
[EventDate "2024.??.??"]

1. d4 d5 2. Nf3 Nf6 3. g3 Bf5 4. Bg2 c6 5. c4 e6 6. Nc3 h6 7. Qb3 Qb6 8. c5 Qa6 9. Bf1 b5 10. Bf4 Qb7 11. a4 a6 12. Bg2 Nbd7 13. O-O b4 14. a5 Bxc5 15. dxc5 Nxc5 16. Qd1 bxc3 17. bxc3 Nfe4 18. Rb1 Qe7 19. Qc1 Na4 20. Bd2 Nxd2 21. Qxd2 Bxb1 22. Rxb1 O-O 23. Qd4 Qa3 24. Bf1 Nxc3 25. Rb6 c5 26. Qd2 Ne4 27. Qe1 Rfb8 28. Rc6 Qa2 29. Qc1 Rb1 30. Qe3 Qa1 0-1

[Event "Münster 2 - Brackel 2"]
[Site "?"]
[Date "2024.04.28"]
[Round "9.3"]
[White "Wuebker, Paul-Luca"]
[Black "Junk, Phillip"]
[Result "1-0"]
[WhiteElo "2256"]
[BlackElo "2083"]
[PlyCount "63"]
[EventDate "2024.??.??"]

1. d4 d5 2. c4 e6 3. Nc3 Nf6 4. cxd5 exd5 5. Bg5 c6 6. e3 h6 7. Bh4 Be7 8. Bd3 O-O 9. Qc2 Re8 10. f3 Qb6 11. Nge2 Na6 12. Qd2 Be6 13. Bf2 c5 14. Rc1 cxd4 15. Nxd4 Rac8 16. O-O Nc5 17. Bb1 a6 18. Rcd1 Rcd8 19. Qc2 Qd6 20. e4 Qb8 21. b4 dxe4 22. bxc5 exf3 23. Nxf3 Kf8 24. Rxd8 Rxd8 25. Kh1 Rc8 26. Bg3 Qa7 27. Na4 a5 28. Nd4 Qa6 29. Nxe6+ fxe6 30. Qd3 Qc6 31. Bc2 b5 32. cxb6 1-0

[Event "Münster 2 - Brackel 2"]
[Site "?"]
[Date "2024.04.28"]
[Round "9.4"]
[White "Schroeder, Lennart"]
[Black "Kracht, Raphael"]
[Result "1/2-1/2"]
[WhiteElo "2097"]
[BlackElo "2196"]
[PlyCount "55"]
[EventDate "2024.??.??"]

1. d4 d5 2. c4 c5 3. cxd5 Nf6 4. dxc5 Qxd5 5. Qxd5 Nxd5 6. Bd2 e6 7. Nc3 Nxc3 8. Bxc3 Nd7 9. c6 bxc6 10. e3 Nb6 11. Bd3 Nd5 12. Ne2 Nxc3 13. Nxc3 Rb8 14. O-O-O Bb4 15. Rd2 Ke7 16. Rc2 e5 17. a3 Ba5 18. Be4 Bd7 19. Na4 Rhc8 20. Nc5 Be8 21. b4 Bc7 22. Na6 Rb6 23. Nxc7 Rxc7 24. Kd2 a5 25. Rc5 axb4 26. Rxe5+ Kf8 27. axb4 Rxb4 28. Bc2 1/2-1/2

[Event "Münster 2 - Brackel 2"]
[Site "?"]
[Date "2024.04.28"]
[Round "9.5"]
[White "Stemmler, Fabian"]
[Black "Virnyi, Julius"]
[Result "1-0"]
[WhiteElo "2173"]
[BlackElo "2106"]
[PlyCount "137"]
[EventDate "2024.??.??"]

1. e4 c5 2. Nf3 d6 3. d4 cxd4 4. Nxd4 Nf6 5. Nc3 Nc6 6. Bg5 e6 7. Qd2 a6 8. O-O-O Bd7 9. f3 Be7 10. Nxc6 Bxc6 11. Kb1 b5 12. h4 h6 13. Be3 h5 14. Ne2 Rc8 15. Nd4 Bb7 16. Bd3 Nd7 17. Bg5 Ne5 18. Be2 Nc4 19. Bxc4 bxc4 20. Qb4 Qc7 21. Bxe7 Qxe7 22. Ne2 Rc5 23. Rd4 O-O 24. Rxc4 a5 25. Qc3 Rxc4 26. Qxc4 d5 27. exd5 Bxd5 28. Qc3 Qd6 29. Qe3 g6 30. Nf4 Rd8 31. Rg1 Bc4 32. b3 e5 33. Nh3 Be6 34. Ng5 Bd5 35. Re1 f6 36. Ne4 Bxe4 37. Qxe4 Kg7 38. g4 hxg4 39. fxg4 Qd4 40. g5 Qxe4 41. Rxe4 Rd5 42. c4 Rc5 43. Kc2 f5 44. Re1 Kf7 45. a3 Ke6 46. Kc3 f4 47. b4 axb4+ 48. axb4 Rc8 49. b5 f3 50. b6 Kd6 51. Rf1 Rf8 52. Kd3 Kc6 53. Ke3 Kxb6 54. Rxf3 Rh8 55. Rh3 Kc5 56. Ke4 Kd6 57. c5+ Ke6 58. c6 Rh7 59. Rh1 Kd6 60. h5 gxh5 61. g6 Ra7 62. Kf5 Ra4 63. Rxh5 Rf4+ 64. Kg5 Ke6 65. Rh8 Rf5+ 66. Kh6 Kd6 67. g7 Rf1 68. g8=Q Rh1+ 69. Kg5 1-0

[Event "Münster 2 - Brackel 2"]
[Site "?"]
[Date "2024.04.28"]
[Round "9.6"]
[White "Kamp, Adrian"]
[Black "Gerlach, Felix"]
[Result "1/2-1/2"]
[WhiteElo "2084"]
[BlackElo "2132"]
[PlyCount "111"]
[EventDate "2024.??.??"]

1. e4 c5 2. Nf3 Nc6 3. Bb5 g6 4. O-O Bg7 5. Re1 Nf6 6. e5 Nd5 7. Nc3 Nc7 8. Bxc6 dxc6 9. h3 Ne6 10. d3 O-O 11. a4 a5 12. Ne4 b6 13. b3 Qc7 14. Bb2 Bb7 15. Qd2 Rad8 16. Qe3 Nd4 17. Nxd4 cxd4 18. Bxd4 c5 19. Bc3 Bxe5 20. Qg5 Bxc3 21. Nxc3 f6 22. Qg4 e5 23. Qe6+ Rf7 24. Ne4 Kg7 25. h4 f5 26. Ng5 Re7 27. Qc4 Qc6 28. f3 Rd4 29. Rxe5 Rxc4 30. Rxe7+ Kf8 31. Rf7+ Kg8 32. dxc4 h6 33. Ne6 Qxe6 34. Rxb7 Qc6 35. Rb8+ Kf7 36. Rd1 Qc7 37. Rbd8 Qg3 38. R8d7+ Ke6 39. Rb7 Qxh4 40. Rxb6+ Kf7 41. Ra6 g5 42. Rxa5 g4 43. Rxc5 g3 44. Rxf5+ Kg6 45. Rf8 Kg7 46. Rc8 Qh2+ 47. Kf1 Qh1+ 48. Ke2 Qxg2+ 49. Ke3 Kf7 50. Rc7+ Ke8 51. a5 Qxc2 52. Rdd7 Qf2+ 53. Kf4 g2 54. Rg7 Kf8 55. Rgf7+ Ke8 56. Rfe7+ 1/2-1/2

[Event "Münster 2 - Brackel 2"]
[Site "?"]
[Date "2024.04.28"]
[Round "9.7"]
[White "Elier, Ali"]
[Black "Kamp, Aaron"]
[Result "1-0"]
[WhiteElo "2179"]
[BlackElo "1971"]
[PlyCount "75"]
[EventDate "2024.??.??"]

1. e4 c5 2. c3 Nf6 3. e5 Nd5 4. d4 cxd4 5. Nf3 Nc6 6. Bc4 Nb6 7. Bb3 d5 8. exd6 Qxd6 9. O-O e6 10. cxd4 Be7 11. Nc3 a6 12. Be3 Nd5 13. Bxd5 exd5 14. Qb3 Be6 15. Qxb7 O-O 16. Qb3 Rab8 17. Qc2 Bg4 18. Ne1 f5 19. Nd3 Nb4 20. Nxb4 Rxb4 21. f4 Rfb8 22. b3 Qd7 23. Qd3 R8b6 24. Rac1 Rg6 25. Kh1 Rh6 26. Na4 Qe8 27. Bg1 Bh4 28. Bf2 Bxf2 29. Rxf2 Rb8 30. Nc5 Qh5 31. g3 Re8 32. Qf1 Re2 33. Rxe2 Bxe2 34. Qf2 Bf3+ 35. Kg1 Qg4 36. Nd3 Be4 37. Ne5 g6 38. Nxg4 1-0

[Event "Münster 2 - Brackel 2"]
[Site "?"]
[Date "2024.04.28"]
[Round "9.8"]
[White "Korth, Daniel"]
[Black "Bartelt, Max Peter"]
[Result "1-0"]
[WhiteElo "2176"]
[BlackElo "2064"]
[PlyCount "113"]
[EventDate "2024.??.??"]

1. d4 Nf6 2. c4 g6 3. Nc3 Bg7 4. e4 d6 5. Nf3 O-O 6. Be2 e5 7. O-O Nc6 8. d5 Ne7 9. Nd2 Nd7 10. b4 f5 11. a4 a5 12. bxa5 Nc5 13. Ba3 Nxe4 14. Ndxe4 fxe4 15. Nxe4 Rxa5 16. Bb4 Ra8 17. c5 Nf5 18. a5 dxc5 19. Bxc5 Nd6 20. Nxd6 cxd6 21. Bb6 Qg5 22. Ra4 Bd7 23. Rc4 Rac8 24. Be3 Qe7 25. Rb4 Rc7 26. Qb3 Bf5 27. Rc1 Rfc8 28. Rxc7 Rxc7 29. a6 bxa6 30. Bxa6 h5 31. h4 Kh7 32. Bg5 Bf6 33. Rb7 Rxb7 34. Qxb7 Qxb7 35. Bxb7 Kg7 36. Kf1 Kf7 37. Ke2 Bxg5 38. hxg5 Ke7 39. g3 Kd7 40. Bc6+ Kd8 41. Ke3 Ke7 42. Kd2 Be4 43. Kc3 Bf3 44. Kb4 Be4 45. Ka5 Bd3 46. Kb4 Be4 47. Kc4 Bb1 48. Ba4 Be4 49. Bb3 Kd7 50. Ba4+ Ke7 51. Bd1 Kd7 52. Be2 Bb1 53. Bd3 Bxd3+ 54. Kxd3 Kd8 55. Kc4 Kc7 56. Kb5 Kb7 57. f3 1-0